000 00650cam a22002294a 4500
008
020 _a0749439629 (pbk.)
049 _aMAIN
090 _aHF5429.23
_bMUR
100 1 _aMurray, Iain.
245 1 4 _aHow to choose a franchise /
_clain Murray.
260 _aLondon :
_bKogan Page,
_c2003.
300 _axi, 186 p. :
_bill. ;
_c22 cm.
500 _alncludes index.
500 _alncludes bibliographic references.
650 0 _aFranchises (Retail trade)
907 _a.b10316024
_b30-05-13
_c19-07-12
003
005 20230123125437.0
040 _cNUST
942 _cBOOKS
_kHF5429.23
_mMUR
999 _c141622
_d141622